Countries with the Most Airports - Statistics

General Stats
  • This quiz has been taken 46 times
    15 since last reset
  • The average score is 22 of 30
Answer Stats
Number Countries % Correct
4,093 Brazil
100%
1,467 Canada
100%
507 China
100%
539 Germany
100%
1,714 Mexico
100%
1,218 Russia
100%
460 United Kingdom
100%
13,513 United States
100%
1,138 Argentina
93%
464 France
93%
480 Australia
86%
481 Chile
86%
346 India
86%
673 Indonesia
86%
214 Saudi Arabia
86%
191 Peru
79%
836 Colombia
71%
198 Democratic Republic of the Congo
71%
566 South Africa
71%
432 Ecuador
64%
319 Iran
64%
855 Bolivia
57%
247 Philippines
57%
444 Venezuela
57%
799 Paraguay
50%
231 Sweden
50%
197 Kenya
36%
561 Papua New Guinea
29%
291 Guatamala
0%
196 Zimbabwe
0%
No matching quizzes found
Score Distribution
Percent of People with Each Score
Percentile by Number Answered
Your Score History
You have not taken this quiz since the last reset